| 000 | 010380000a22002170004500 | ||
|---|---|---|---|
| 020 | _a84-8267-497-8 | ||
| 041 | 0 | _aSPA | |
| 082 | 0 | 4 | _aG 253.7 C7334c |
| 100 | 1 | _aComiskey, Joel (1956-) | |
| 245 | 1 | 0 | _aCómo ser un excelente asesor de grupos celulares : Enseñanzas prácticas para apoyar y guiar a los líderes de grupos celulares / Joel Comiskey; Edmundo Goodson, Traductor |
| 260 | _aBarcelona : CLIE | ||
| 300 | _a158 Pag | ||
| 500 | _aTítulo original : How to be a great cell group coach | ||
| 505 | 0 | 0 | _a- Los hábitos de un excelente asesor de grupos celulares: reciba, escuche, anime, cuide, desarrolle y entrene, trace estrategias, desafíe - Puliendo su asesoramiento: Incremento de la autoridad del asesor, Diagnóstico de los problemas, Las etapas del asesoramiento, Las reuniones de asesoramiento, La visita a los grupos celulares |
| 650 | 1 | 4 | _aCONSEJERIA PASTORAL |
| 001 | 13358 | ||
| 942 | _cBK | ||
| 999 |
_c42338 _d42338 |
||
| 336 |
_atexto _btxt _2rdacontent |
||
| 337 |
_2rdamedia _asin mediación _bn |
||
| 338 |
_2rdacarrier _avolumen _bnc |
||